000
00208 a2200097 4500
001
2775
100
_a
Lock, J.B
245
_a
A Treatision Elementary
260
_a
_b
MacMillan and Co
_c
090
_c
2070
_d
2070
942
_a
NUST-CAE
_c
M
_c
11892
999
_c
237848
_d
237848